[Event "7th HIT Open"]
[Site "Nova Gorica SLO"]
[Date "2002.02.05"]
[Round "6"]
[White "Solak,D"]
[Black "Kozul,Z"]
[Result "1-0"]
[WhiteElo "2501"]
[BlackElo "2606"]

1.e4 c5 2.Nc3 Nc6 3.Bb5 Nd4 4.Bc4 e6 5.Nge2 Ne7 6.Nxd4 cxd4 7.Nb5 d5 8.exd5 exd5
9.Be2 Nc6 10.c3 Bd6 11.d3 O-O 12.Nxd6 Qxd6 13.O-O Re8 14.Re1 Bf5 15.Bf1 Rxe1
16.Qxe1 Rc8 17.Bd2 dxc3 18.bxc3 b6 19.d4 Na5 20.Qe3 h6 21.Re1 Bd7 22.Qe7 Qc6
23.Bd3 Nc4 24.Bxc4 dxc4 25.Qe4 Qa4 26.Qb1 Rc6 27.Bf4 Rf6 28.Be5 Re6 29.f3 Qa5
30.Qc2 Rg6 31.Kf2 Rg5 32.Bf4 Rb5 33.Re5 Rxe5 34.Bxe5 Be6 35.Qd2 Qd5 36.Qc2 Qb5
37.Qd2 Bf5 38.Bf4 Bd3 39.h3 f6 40.Bb8 a5 41.Kg3 Qe8 42.Bd6 Qe6 43.Ba3 Kf7
44.Kf2 Qc6 45.Bc1 Qa4 46.Kg3 Qc6 47.Qe3 Bb1 48.a3 Bd3 49.Kf2 Qd5 50.Kg1 Bf5
51.Kf2 Be6 52.Qe4 Qb5 53.Qb7+ Kg6 54.Qe4+ Bf5 55.Qe3 Bd3 56.Kg3 Kf7 57.Qd2 g5
58.Qe3 Qd5 59.Kf2 Bf5 60.h4 Bd3 61.hxg5 hxg5 62.g4 Bc2 63.Kg2 Qd6 64.Qe2 Bd3
65.Qe3 Qd5 66.Kf2 Qd6 67.Kg2 Kf8 68.Qe1 Bg6 69.Qe3 Bf7 70.Qe4 Bd5 71.Qe3 Kf7
72.Qe2 Qb8 73.Qc2 Kg7 74.Qe2 Qf8  1-0

[Event "Aeroflot Open"]
[Site "Moscow RUS"]
[Date "2002.02.08"]
[Round "6"]
[White "Macieja,B"]
[Black "Loginov,Va"]
[Result "0-1"]
[WhiteElo "2612"]
[BlackElo "2524"]

1.e4 c5 2.Nc3 Nc6 3.Nf3 d6 4.d4 cxd4 5.Nxd4 Nf6 6.Bc4 e6 7.Be3 Be7 8.Qe2 O-O
9.O-O-O a6 10.Bb3 Qe8 11.Rhg1 Nd7 12.g4 Nc5 13.g5 b5 14.Nxc6 Qxc6 15.Bd4 Bd7
16.Bd5 exd5 17.Nxd5 Rfe8 18.Nf6+ Bxf6 19.gxf6 g6 20.f3 Rac8 21.Bc3 b4 22.Bxb4 Nxe4
23.Rg2 Bh3 24.fxe4 Rxe4 25.Qd2 Bxg2 26.Bc3 Rh4 27.Rg1 Be4  0-1

[Event "XVIII Open"]
[Site "Cappelle la Grande FRA"]
[Date "2002.02.09"]
[Round "1"]
[White "Gdanski,J"]
[Black "Palo,D"]
[Result "1/2-1/2"]
[WhiteElo "2530"]
[BlackElo "2337"]

1.e4 c5 2.Nc3 Nc6 3.Nf3 e5 4.Bc4 Be7 5.d3 Nf6 6.Ng5 O-O 7.f4 d6 8.f5 Na5
9.Bxf7+ Rxf7 10.Nxf7 Kxf7 11.g4 g6 12.h4 b5 13.g5 Nh5 14.Qf3 Kg8 15.O-O Qf8
16.Nxb5 Bd7 17.Nc7 Rb8 18.Nd5 Nc6 19.c3 Qf7 20.Rf2 Re8 21.f6 Bd8 22.Be3 Be6
23.b4 cxb4 24.Nxb4 Nxb4 25.cxb4 Qd7 26.a4 Bg4 27.Qh1 Bh3 28.Kh2 Bb6 29.Bxb6 axb6
30.Qf3 Nf4 31.a5 bxa5 32.bxa5 Rb8 33.Qe3 h6 34.a6 hxg5 35.a7 Ra8 36.hxg5 Qh7
37.f7+ Kf8 38.Rxf4 Be6+ 39.Kg1 exf4 40.Qxf4 Qh3 41.Qxd6+ Kxf7 42.Qf4+ Kg8
43.Ra3 Bc8 44.Kf2 Qd7 45.Qf6 Rxa7 46.Qxg6+ Kf8 47.Qf6+ Kg8 48.Rxa7 Qxa7+
49.d4 Qf7 50.d5 Bb7 51.Qxf7+ Kxf7 52.Ke3 Kg6 53.Kf4 Bc8 54.Ke5 Kxg5 55.Kd6 Kf6
56.e5+ Kf7 57.Kc7 Be6 58.Kd6 Bxd5 59.Kxd5 Ke7 60.e6 Ke8 61.Kd6 Kd8 62.e7+ Ke8
63.Ke6  1/2-1/2

[Event "Mimoza Open"]
[Site "Herceg Novi YUG"]
[Date "2002.02.09"]
[Round "8"]
[White "Todorovic,GM"]
[Black "Pavlovic,Dej"]
[Result "1-0"]
[WhiteElo "2488"]
[BlackElo "2277"]

1.e4 c5 2.Nf3 Nc6 3.Nc3 e5 4.Bc4 g6 5.d3 h6 6.O-O Bg7 7.Ne1 Nge7 8.f4 O-O
9.Nf3 d6 10.fxe5 dxe5 11.Be3 Nd4 12.Qd2 Kh7 13.Rae1 Be6 14.Qf2 Qd7 15.Bxe6 Qxe6
16.Qh4 f6 17.Rf2 Rac8 18.h3 a6 19.Ref1 b5 20.Kh1 Nxf3 21.Rxf3 g5 22.Qf2 Qc6
23.b3 Kg6 24.h4 Qd6 25.g4 Rfd8 26.Rh3 Qe6 27.hxg5 hxg5 28.Qf5+ Qxf5 29.exf5+ Kf7
30.Ne4 c4 31.Bc5 Rc6 32.bxc4 bxc4 33.dxc4 Ng8 34.Rd3 Rxd3 35.cxd3 Nh6 36.Rg1 Bf8
37.Bxf8 Kxf8 38.Kh2 Rb6 39.Kg3 Ke7 40.c5 Rb2 41.Rc1 Nf7 42.c6 Kd8 43.Nxf6 Nd6
44.c7+ Kc8 45.Rc6 Nb5 46.Nd5 Na7 47.Rxa6  1-0

[Event "Aeroflot Open"]
[Site "Moscow RUS"]
[Date "2002.02.09"]
[Round "7"]
[White "Kovalev,A"]
[Black "Bocharov,D"]
[Result "1/2-1/2"]
[WhiteElo "2575"]
[BlackElo "2452"]

1.e4 c5 2.Nf3 Nc6 3.Nc3 d6 4.d4 cxd4 5.Nxd4 Nf6 6.Bg5 e6 7.Qd2 Qb6 8.Nb3 a6
9.O-O-O Qc7 10.f4 b5 11.Kb1 b4 12.Bxf6 gxf6 13.Ne2 h5 14.Ned4 Rb8 15.Nxc6 Qxc6
16.Bd3 Qb6 17.f5 e5 18.Bc4 Bb7 19.Bd5 Bc8 20.Qe2 Ke7 21.Nd2 a5 22.Rhe1 a4
23.Nc4 Ba6 24.Nxb6 Bxe2 25.Rxe2 Rxb6 26.b3 a3 27.c3 Bh6 28.Rc2 Rc8 29.Rd3 Rc5
30.cxb4 Rxb4 31.Rxc5 dxc5 32.Bc4 h4 33.g3 hxg3 34.Rxg3 Rb8  1/2-1/2

[Event "Open"]
[Site "Portsmouth ENG"]
[Date "2002.02.09"]
[Round "4"]
[White "Webb,Ri"]
[Black "Wells,P"]
[Result "1/2-1/2"]
[WhiteElo "2361"]
[BlackElo "2517"]

1.e4 c5 2.Nc3 Nc6 3.Nge2 d6 4.d4 cxd4 5.Nxd4 Nf6 6.Bc4 e6 7.Be3 Be7 8.Qe2 a6
9.O-O-O Qc7 10.Bb3 Na5 11.g4 b5 12.g5 Nxb3+ 13.axb3 Nd7 14.h4 b4 15.Na4 Nc5
16.h5 Bd7 17.g6 Nxb3+ 18.Nxb3 Bxa4 19.gxf7+ Kxf7 20.Kb1 Rhc8 21.Rhg1 Bf6
22.Bg5 Qc4 23.Qxc4 Rxc4 24.Rxd6 Rxe4 25.Nc5 Bxc2+ 26.Kxc2 Rc4+ 27.Kb3 Rxc5
28.Bxf6 Kxf6 29.Rd7 Rxh5 30.Rgxg7 a5 31.Ka4 Rf8 32.Rxh7 Rxh7 33.Rxh7 Kg6  1/2-1/2

[Event "10th Open"]
[Site "Valle d'Aosta ITA"]
[Date "2002.02.09"]
[Round "1"]
[White "Berni,F"]
[Black "Volzhin,A"]
[Result "0-1"]
[WhiteElo "2125"]
[BlackElo "2521"]

1.e4 c5 2.Nf3 Nc6 3.Nc3 g6 4.d3 Bg7 5.g3 Nf6 6.Bg2 O-O 7.O-O d6 8.h3 Rb8
9.a4 a6 10.Be3 b6 11.Ne1 b5 12.axb5 axb5 13.Qd2 b4 14.Nd1 Bb7 15.f4 Nd7 16.f5 Nd4
17.Bh6 d5 18.Bxg7 Kxg7 19.Ne3 dxe4 20.dxe4 Nf6 21.e5 Ne4 22.Bxe4 Bxe4 23.f6+ exf6
24.Ng4 Nf5 25.exf6+ Kh8 26.Qf2 Qd6 27.Kh2 h5 28.Ne3 Qxf6 29.Qf4 Qd6 30.Nxf5 Qxf4
31.Rxf4 Bxf5 32.Rc4 Rfd8 33.Nf3 b3 34.c3 Rd3 35.Kg2 Re8 36.g4 Re2+ 37.Kf1 Rxb2
38.Ne1 Rxh3  0-1

[Event "13th Asian Cities"]
[Site "Aden YEM"]
[Date "2002.02.10"]
[Round "5"]
[White "Kotsur,P"]
[Black "Ghaem Maghami,E"]
[Result "1/2-1/2"]
[WhiteElo "2578"]
[BlackElo "2513"]

1.e4 c5 2.Nc3 Nc6 3.Nge2 d6 4.d4 cxd4 5.Nxd4 Nf6 6.Bg5 e6 7.Qd2 a6 8.O-O-O Bd7
9.f4 b5 10.Bxf6 gxf6 11.Nxc6 Bxc6 12.Qe1 Be7 13.Bd3 Qb6 14.Kb1 b4 15.Ne2 a5
16.f5 e5 17.Ng3 a4 18.Bc4 h5 19.Qe2 Qc5 20.b3 h4 21.Nf1 Rc8 22.Qf3 Bf8 23.Ne3 axb3
24.Bxb3 Be7 25.Rd2 Ra8 26.Rhd1 Qa7 27.Nc4 Rd8 28.Qg4 Qc5 29.Rd5 Bxd5 30.Rxd5 Qf2
31.Rd2 Qa7  1/2-1/2

[Event "FSGM February"]
[Site "Budapest HUN"]
[Date "2002.02.10"]
[Round "9"]
[White "Sedlak,N"]
[Black "Horvath,P1"]
[Result "1-0"]
[WhiteElo "2442"]
[BlackElo "2478"]

1.e4 c5 2.Nf3 Nc6 3.Nc3 Nf6 4.Bb5 Nd4 5.e5 Nxb5 6.Nxb5 Nd5 7.O-O a6 8.Nc3 Nxc3
9.dxc3 d5 10.h3 e6 11.Nh2 Qc7 12.Re1 b6 13.Qg4 Bb7 14.Rb1 O-O-O 15.Nf3 d4
16.cxd4 cxd4 17.Bg5 Rd7 18.c3 d3 19.Nd4 Kb8 20.Qd1 h6 21.Be3 Qxe5 22.Qxd3 Qd5
23.Qf1 Bd6 24.a4 Bc7 25.Ne2 Rhd8 26.b4 g5 27.a5 b5 28.Bc5 Qe5 29.Ng3 Qxc3
30.Rbc1 Qd3 31.Ne2 h5 32.Rc3 Qd5 33.Ng3 h4 34.Nh5 Qf5 35.Be3 g4 36.Rc5 Rd5
37.hxg4 Qd3 38.Qxd3 Rxd3 39.Rxc7 Kxc7 40.Bb6+ Kd7 41.Nf4 Rd2 42.Bxd8 Kxd8
43.Re3 Ke8 44.Nd3 Rd1+ 45.Kh2 Rb1 46.g5 Bd5 47.Nc5 Rxb4 48.Nxa6 Rc4 49.Rb3 Kd7
50.Nb4 Ba8 51.Nd3 Kc7 52.Rxb5 Rg4 53.f3 Ra4 54.Ne5 Ra2 55.Kh3 Kd6 56.Nxf7+ Ke7
57.Ne5 Bd5 58.Ng6+ Kf7 59.Nf4 Ba8 60.g6+ Kf6 61.Rg5 Kxg5 62.g7 Kxf4 63.g8=Q Bd5
64.Kxh4 Ke3 65.Qg7 Kd3 66.Qh7+ Kc4 67.Qc7+ Kd3 68.Kg3 Bc4 69.Qc5 Kc3 70.Kf4 Rxg2
71.a6 Rg8 72.a7 Ra8 73.Ke5 Kb3 74.Qb6+ Kc3 75.Qb8 Bd5 76.f4 Kc4 77.f5  1-0

[Event "XVIII Open"]
[Site "Cappelle la Grande FRA"]
[Date "2002.02.10"]
[Round "2"]
[White "Tissir,M"]
[Black "Savchenko,S"]
[Result "1/2-1/2"]
[WhiteElo "2368"]
[BlackElo "2563"]

1.e4 c5 2.Nc3 Nc6 3.Bb5 Nd4 4.Bc4 g6 5.Nf3 Bg7 6.O-O a6 7.Nxd4 cxd4 8.Ne2 Nf6
9.d3 d5 10.exd5 Nxd5 11.Nf4 Nb6 12.Bb3 e5 13.Nh3 O-O 14.Qf3 Qd7 15.a4 a5
16.Qg3 Kh8 17.f4  1/2-1/2

[Event "Open"]
[Site "Portsmouth ENG"]
[Date "2002.02.10"]
[Round "6"]
[White "Webb,Ri"]
[Black "Rudd,J"]
[Result "1/2-1/2"]
[WhiteElo "2361"]
[BlackElo "2135"]

1.e4 c5 2.Nc3 Nc6 3.Nge2 Nf6 4.g3 g6 5.d4 cxd4 6.Nxd4 d6 7.Nde2 Bg7 8.Bg2 O-O
9.O-O Bg4 10.h3 Bd7 11.Nf4 Rc8 12.Nfd5 Nxd5 13.Nxd5 e6 14.Ne3 Qe7 15.Rb1 Rfd8
16.c4 a6 17.b3 b5 18.cxb5 axb5 19.Bb2 Be8 20.Bxg7 Kxg7 21.Qd2 Qa7 22.Rfd1 h5
23.Qb2+ e5 24.Rd2 Nd4 25.Nc2 Nxc2 26.Rxc2 Rxc2 27.Qxc2 Ra8 28.Rb2 Bd7 29.Qd2 Qb6
30.Rc2 Ra6 31.h4  1/2-1/2

[Event "XVIII Open"]
[Site "Cappelle la Grande FRA"]
[Date "2002.02.11"]
[Round "3"]
[White "Gdanski,J"]
[Black "Vezzosi,P"]
[Result "1/2-1/2"]
[WhiteElo "2530"]
[BlackElo "2392"]

1.e4 c5 2.Nc3 Nc6 3.Nge2 g6 4.d4 cxd4 5.Nxd4 Bg7 6.Be3 Nf6 7.Bc4 Qa5 8.O-O O-O
9.Bb3 d6 10.f3 Bd7 11.Qd2 Rfc8 12.Rad1 Ne5 13.Bh6 Nc4 14.Bxc4 Bxh6 15.Qxh6 Rxc4
16.Nb3 Qb6+ 17.Kh1 a5 18.Rfe1 Bc6 19.Nd2 Rc5 20.Nb3 Rc4 21.Qc1 a4 22.Nd2 Rc5
23.Ne2 h5 24.Nf4 h4 25.c4 Qa6 26.Qc3 b5 27.e5 Rxe5 28.Rxe5 dxe5 29.Qxe5 bxc4
30.Qxe7 Bb5 31.Ne4 Nxe4 32.fxe4 a3 33.bxa3 Qxa3 34.Qf6 Be8 35.Nd5 h3 36.Rf1 Qd3
37.Ne7+ Kh7 38.Qh4+ Kg7 39.Qf6+ Kh7 40.Qh4+ Kg7 41.Qf6+  1/2-1/2

[Event "XVIII Open"]
[Site "Cappelle la Grande FRA"]
[Date "2002.02.11"]
[Round "3"]
[White "Cabrera,A"]
[Black "Zagrebelny,S"]
[Result "1-0"]
[WhiteElo "2440"]
[BlackElo "2503"]

1.e4 c5 2.Nc3 Nc6 3.Bb5 g6 4.Bxc6 bxc6 5.f4 Bg7 6.Nf3 d6 7.O-O Nh6 8.d3 f6
9.h3 Nf7 10.Be3 O-O 11.Qe2 Rb8 12.Rab1 e5 13.fxe5 fxe5 14.b3 Qe7 15.a3 Nd8
16.b4 cxb4 17.axb4 Ne6 18.b5 Nd4 19.Bxd4 exd4 20.bxc6 Rxb1 21.Nxb1 Qc7 22.Nbd2 Qxc6
23.Nb3 Qb6 24.Qd2 Be6 25.Qg5 Bxb3 26.Rb1 Qd8 27.Qxd8 Rxd8 28.Rxb3 Rc8 29.Ra3 Rxc2
30.Rxa7 Bh6 31.Rd7 Bf4 32.Kf1 Bg3 33.Ng5 Rf2+ 34.Kg1 Re2 35.Nf3 Re3 36.Kf1 h6
37.Re7 Rxd3 38.Ke2 Re3+ 39.Kd1 Kf8 40.Rb7 Rxe4 41.Rb8+  1-0

[Event "XVIII Open"]
[Site "Cappelle la Grande FRA"]
[Date "2002.02.11"]
[Round "3"]
[White "Gormally,D"]
[Black "Galianina Ryjanova,J"]
[Result "1-0"]
[WhiteElo "2506"]
[BlackElo "2333"]

1.e4 c5 2.Nc3 Nc6 3.Bb5 Nd4 4.Bc4 g6 5.Nce2 Nf6 6.Nxd4 cxd4 7.Qe2 Qc7 8.d3 Bg7
9.e5 Nd5 10.Nf3 Nb4 11.Bf4 Qb6 12.c3 Nc6 13.O-O O-O 14.Qe4 dxc3 15.bxc3 Na5
16.Rab1 Qd8 17.Bb5 a6 18.Ba4 Nc6 19.Bb3 d6 20.exd6 e5 21.Be3 Qxd6 22.Ng5 h6
23.Nxf7 Rxf7 24.f4 Bf5 25.Bxf7+ Kxf7 26.fxe5 Qxe5 27.g4 Re8 28.gxf5 Qxe4
29.dxe4 b5 30.Rbd1 Rxe4 31.Rd6 Ne5 32.fxg6+ Ke7 33.Bc5 Rc4 34.Rxa6+ Rxc5
35.Ra7+ Ke6 36.Rxg7 Rxc3 37.Rb7 Rc4 38.g7 Rg4+ 39.Kh1 b4 40.Rf8  1-0

[Event "XVIII Open"]
[Site "Cappelle la Grande FRA"]
[Date "2002.02.11"]
[Round "3"]
[White "Solak,D"]
[Black "Kernazhitsky,L"]
[Result "1/2-1/2"]
[WhiteElo "2501"]
[BlackElo "2413"]

1.e4 c5 2.Nc3 Nc6 3.Bb5 Nd4 4.Bc4 g6 5.Nf3 Bg7 6.Nxd4 cxd4 7.Qf3 Nh6 8.Ne2 O-O
9.d3 Ng4 10.Bb3 d6 11.Qg3 a5 12.a4 Nf6 13.h4 Kh8 14.Nxd4 Nxe4 15.dxe4 Bxd4
16.h5 g5 17.c3 Be5 18.Qxg5 Rg8 19.Qe3 Rxg2 20.Bd2 Be6 21.Bc2 Rg4 22.O-O-O Bf4
23.Qd4+ Be5 24.Qd3 Qb6 25.f4 Rxf4 26.Be3 Qc6 27.Bxf4 Bxf4+ 28.Kb1 Qc4 29.Qxc4 Bxc4
30.Rdg1 h6 31.b3  1/2-1/2

[Event "Petrov Mem Open"]
[Site "St Petersburg RUS"]
[Date "2002.02.12"]
[Round "1"]
[White "Gerasimov,Y"]
[Black "Kochyev,A"]
[Result "0-1"]
[WhiteElo "2159"]
[BlackElo "2410"]

1.e4 c5 2.Nc3 Nc6 3.Nf3 g6 4.Bc4 Bg7 5.O-O d6 6.d3 Nf6 7.Be3 O-O 8.h3 a6
9.a4 b6 10.Qd2 e6 11.Bg5 Qd7 12.Qf4 Nh5 13.Qc1 Bb7 14.g4 Nf6 15.Bh6 d5 16.e5 Ne8
17.Bxg7 Kxg7 18.Ba2 f5 19.exf6+ Rxf6 20.Nh2 Nc7 21.Qd2 Raf8 22.Ne2 Qd6 23.f3 e5
24.Rf2 Ne6 25.Re1 Nf4 26.Nxf4 Rxf4 27.Bb3 Nd4 28.Qd1 e4 29.dxe4 dxe4 30.c3 Rxf3
31.Nxf3 Qg3+ 32.Kf1 Qxh3+  0-1

[Event "Petrov Mem Open"]
[Site "St Petersburg RUS"]
[Date "2002.02.12"]
[Round "1"]
[White "Zemerov,V"]
[Black "Mchedlishvili,M"]
[Result "1-0"]
[WhiteElo "2317"]
[BlackElo "2527"]

1.e4 c5 2.Nc3 Nc6 3.Nf3 d6 4.d4 cxd4 5.Nxd4 Nf6 6.Bg5 e6 7.Qd2 Qb6 8.O-O-O a6
9.Bxf6 gxf6 10.Nb3 Bd7 11.f4 O-O-O 12.Be2 h5 13.Rhf1 Kb8 14.Kb1 Bc8 15.a3 Be7
16.Rf3 Rdg8 17.Bf1 h4 18.Rd3 Rh5 19.Na4 Qc7 20.Qe2 Rgh8 21.Qe3 b5 22.Nb6 Kb7
23.Nxc8 Qxc8 24.Be2 R5h7 25.Bf3 Rd8 26.Rc3 Qb8 27.e5 d5 28.exf6 Bf8 29.f5 b4
30.Rxc6 Kxc6 31.fxe6 fxe6 32.Qxe6+ Qd6 33.Qe2 Kc7 34.Rxd5 Qxf6 35.Qc4+ Kb8
36.Rxd8+ Qxd8 37.Nd4  1-0

[Event "10th Open"]
[Site "Valle d'Aosta ITA"]
[Date "2002.02.12"]
[Round "4"]
[White "Tseitlin,Ma"]
[Black "Aleksieva,S"]
[Result "0-1"]
[WhiteElo "2486"]
[BlackElo "2347"]

1.e4 c5 2.Nc3 Nc6 3.Bb5 g6 4.Bxc6 bxc6 5.d3 Nh6 6.h3 f6 7.f4 Bg7 8.Nf3 d6
9.g4 f5 10.gxf5 gxf5 11.e5 O-O 12.Qe2 Rb8 13.Rg1 Kh8 14.b3 d5 15.Bb2 Rb4
16.O-O-O Rg8 17.a3 Rxf4 18.Qe3 Rxf3 19.Qxf3 Bxe5 20.Qh5 Qf8 21.Na4 d4 22.Nxc5 Rxg1
23.Rxg1 Bf4+ 24.Kb1 e5 25.Bc1 Bxc1 26.Kxc1 Ng8 27.b4 Qh6+ 28.Qxh6 Nxh6 29.Kd2 f4
30.Ne4 Nf5 31.Rg5 Nh4 32.Rh5 Nf5 33.Rg5 Nh4 34.Kc1 Nf3 35.Rg2 Bxh3 36.Rf2 Bg4
37.Nf6 h5 38.Rg2 Ne1 39.Rg1 Nf3 40.Rf1 Kg7 41.Ne4 Kg6 42.a4 Ng5 43.Nxg5 Kxg5
44.Kd2 Kf5 45.b5 cxb5 46.axb5 e4 47.dxe4+ Kxe4 48.Re1+ Kf3 49.Re7 Kg2 50.Rxa7 f3
51.b6 f2 52.Rf7 Bf3 53.Rxf3 Kxf3 54.b7 f1=Q 55.b8=Q Qe2+ 56.Kc1 Qe4 57.Qb5 h4
58.Qf1+ Kg4 59.Qg1+ Kf5 60.Qg7 Kf4 61.Kb2 h3 62.Qc7+ Qe5 63.Qf7+ Ke3 64.Qb3+ d3+
65.Ka2 Qd6 66.cxd3 Qa6+ 67.Kb2 Qxd3 68.Qe6+ Kf2 69.Qf6+ Qf3 70.Qd6 Kg1 71.Ka1 Qf1+  0-1

[Event "13th Asian Cities"]
[Site "Aden YEM"]
[Date "2002.02.13"]
[Round "8"]
[White "Al Modiahki,M"]
[Black "Ghorbani,M"]
[Result "1-0"]
[WhiteElo "2500"]
[BlackElo "2321"]

1.e4 c5 2.Nc3 Nc6 3.Nf3 e5 4.Bc4 d6 5.d3 Be7 6.O-O Nf6 7.Ng5 O-O 8.f4 a6
9.a3 Rb8 10.Ba2 h6 11.Nf3 exf4 12.Bxf4 Bg4 13.h3 Be6 14.Nd5 Rc8 15.Qd2 Bxd5
16.exd5 Nb8 17.Rae1 Nbd7 18.Nh4 Ne5 19.Nf5 Ne8 20.c3 Bg5 21.Bxg5 hxg5 22.d4 cxd4
23.Qxd4 f6 24.h4 gxh4 25.Qxh4 Qb6+ 26.Rf2 Rc7 27.Bb1 g6 28.Nd4 Ng7 29.Rxe5 dxe5
30.Bxg6 Nh5 31.Ne6 Nf4 32.Nxf8 Rg7 33.Ne6 Ne2+ 34.Kf1 Rxg6 35.Rxe2 Qb3 36.Qe4 Rh6
37.Qg4+  1-0

[Event "13th Asian Cities"]
[Site "Aden YEM"]
[Date "2002.02.13"]
[Round "8"]
[White "Kostenko,P"]
[Black "Al Khaja,A"]
[Result "1-0"]
[WhiteElo "2495"]
[BlackElo "2092"]

1.e4 c5 2.Nc3 Nc6 3.Nge2 g6 4.g3 Bg7 5.Bg2 e6 6.d3 Nge7 7.O-O O-O 8.Bg5 a6
9.Qd2 Re8 10.Qf4 d6 11.Qh4 Nd4 12.Nxd4 cxd4 13.Ne2 Bd7 14.c3 dxc3 15.Nxc3 Bc6
16.Rae1 b5 17.Re3 Qd7 18.g4 f6 19.Bxf6 Bxf6 20.Qxf6 Bb7 21.f4 Rf8 22.Qh4 Nc6
23.Rh3 Qg7 24.f5 exf5 25.gxf5 Ne5 26.f6 Qd7 27.d4 Nc6 28.e5 dxe5 29.Bd5+  1-0

[Event "XVIII Open"]
[Site "Cappelle la Grande FRA"]
[Date "2002.02.14"]
[Round "6"]
[White "Kazhgaleyev,M"]
[Black "Movsesian,S"]
[Result "0-1"]
[WhiteElo "2561"]
[BlackElo "2624"]

1.e4 c5 2.Nc3 Nc6 3.Bb5 Nd4 4.Bc4 g6 5.Nf3 Bg7 6.O-O d6 7.d3 Nf6 8.h3 O-O
9.Bg5 h6 10.Bh4 Kh7 11.Nxd4 cxd4 12.Nd5 Nxd5 13.Bxd5 Qc7 14.f4 e6 15.Bb3 f5
16.c3 dxc3 17.bxc3 Bd7 18.Rc1 a5 19.exf5 exf5 20.Kh2 Bc6 21.Re1 Rfe8 22.Qd2 a4
23.Be6 d5 24.Re2 a3 25.Rce1 b5 26.d4 Qd6 27.Bf7 Re4 28.g4 Rf8 29.Rxe4 fxe4
30.Bxg6+ Qxg6 31.f5 Qf7 32.Bg3 Qe7 33.Bf4 Rc8 34.Rg1 Bd7 35.Rg3 Rc4 36.Qf2 Bf6
37.g5 hxg5 38.Qe2 Be8 39.Qg4 Bf7 40.Qd1 Bg7 41.Kg1 Kg8 42.Bxg5 Kh7 43.Bh4 Qc7
44.Kh2 Qd6 45.Qd2 Qe7 46.Rg1 Rc8 47.Rg3 Rc4 48.Qf2 Bf6 49.Qe2 Be8 50.Qg4 Bf7
51.Bg5 Be5 52.dxe5 e3  0-1

[Event "Petrov Mem Open"]
[Site "St Petersburg RUS"]
[Date "2002.02.15"]
[Round "4"]
[White "Osinovsky,S"]
[Black "Ivanov,O UKR"]
[Result "0-1"]
[WhiteElo "2241"]
[BlackElo "2350"]

1.e4 c5 2.Nf3 Nc6 3.Nc3 d6 4.d4 cxd4 5.Nxd4 Nf6 6.Be3 Ng4 7.Bb5 Nxe3 8.fxe3 Bd7
9.Bxc6 bxc6 10.O-O e6 11.Qf3 Qe7 12.e5 d5 13.e4 g6 14.Ndb5 cxb5 15.exd5 Qc5+
16.Kh1 O-O-O 17.Rad1 Qb6 18.a4 b4 19.dxe6 fxe6 20.Nb5 Kb8 21.Qf6 Rg8 22.Qf7 Rg7
23.Qf6 Re7 24.Rd6 Qa5 25.Rfd1 Qxa4 26.Nd4 Rc8 27.Qf1 Qa5 28.Ra1 Qc7 29.Qe1 Qb7
30.Rda6 Rf7 31.Rxa7 Qxa7 32.Rxa7 Kxa7 33.h3 Bc5 34.Qa1+ Kb7 35.Nb3 Bb6 36.Na5+ Kb8
37.b3 Rcf8 38.Kh2 Rf1 39.Qa2 Bd4 40.Nc4 Ra1  0-1

[Event "Petrov Mem Open"]
[Site "St Petersburg RUS"]
[Date "2002.02.17"]
[Round "6"]
[White "Solovjov,S"]
[Black "Ivanov,O UKR"]
[Result "0-1"]
[WhiteElo "2489"]
[BlackElo "2350"]

1.e4 c5 2.Nc3 Nc6 3.Nge2 d6 4.d4 cxd4 5.Nxd4 Nf6 6.Bc4 Bd7 7.Bb3 g6 8.f3 Nxd4
9.Qxd4 Bg7 10.Bg5 Qa5 11.Qd2 Rc8 12.Be3 Be6 13.O-O Nd7 14.Bd4 Bxd4+ 15.Qxd4 Qc5
16.Rad1 Ne5 17.Bd5 Bxd5 18.Qxc5 Rxc5 19.exd5 Nc4 20.Ne4 Rc7 21.Rde1 Kd7 22.b3 Na3
23.c4 b5 24.Ng5 h6 25.Ne4 bxc4 26.Re3 cxb3 27.Nd2 Rc2 28.Rxb3 Rhc8 29.Rxa3 Rxd2
30.Rxa7+ Rc7 31.Ra5 Rcc2 32.Ra7+ Kc8 33.Re1 Rxg2+ 34.Kh1 Rxh2+ 35.Kg1 Rcg2+
36.Kf1 Rc2 37.Kg1 Rhe2 38.Rxe7 Rxe1+ 39.Rxe1 Kd8 40.a4 Ra2 41.Re4 Rd2 42.Rb4 Rxd5
43.Rb7 Ke8 44.Rb3 Ra5 45.Ra3 Ke7 46.Kg2 Ke6 47.Kf2 h5 48.Ke3 Kf5 49.f4 d5
50.Kf3 d4 51.Ra1 d3 52.Ke3 d2  0-1

[Event "ch-Serbia"]
[Site "Leskovac YUG"]
[Date "2002.02.19"]
[Round "5"]
[White "Savicevic,V"]
[Black "Djokic,Neb"]
[Result "1/2-1/2"]
[WhiteElo "2411"]
[BlackElo "2239"]

1.e4 c5 2.Nf3 Nc6 3.Nc3 Nf6 4.g3 e5 5.Bg2 d6 6.O-O Bg4 7.h3 Bh5 8.d3 Be7
9.Be3 Qd7 10.Kh2 Nd4 11.Bxd4 cxd4 12.Ne2 O-O 13.c3 dxc3 14.bxc3 Rac8 15.Qb3 Rc6
16.Rfb1 Rb6 17.Qc2 Bd8  1/2-1/2

[Event "Aphrodite"]
[Site "Athens GRE"]
[Date "2002.02.22"]
[Round "8"]
[White "Petraki,M"]
[Black "Papadopoulou,V"]
[Result "1/2-1/2"]
[WhiteElo "2105"]
[BlackElo "2145"]

1.e4 c5 2.Nc3 Nc6 3.Bb5 Nd4 4.Nf3 Nxb5 5.Nxb5 a6 6.Nc3 d6 7.d4 cxd4 8.Qxd4 e5
9.Qd3 h6 10.Nd2 Nf6 11.Nc4 Be6 12.Ne3 Rc8 13.O-O Be7 14.Ncd5 Nxd5 15.Nxd5 Bxd5
16.Qxd5 Qc7 17.c3 Qc6 18.Qd3 O-O 19.Re1 Qc4 20.Qf3 Qe6 21.Be3 Rc7 22.Red1 f5
23.exf5 Rxf5 24.Qd5 Kf7 25.Rd2 Qxd5 26.Rxd5 Ke6 27.Rad1 Rc6 28.a4 Rc4 29.a5 e4
30.Rxf5 Kxf5 31.Kf1 Ke6 32.Ke2 Bd8 33.Ra1 h5 34.Ra3 Kd7 35.Bd4 g6 36.Rb3 Kc6
37.Ra3 Kd7 38.Rb3 Kc6 39.Ra3 Kd7  1/2-1/2

[Event "Open"]
[Site "Antalya TUR"]
[Date "2002.02.23"]
[Round "2"]
[White "Beshukov,S"]
[Black "Esen,B"]
[Result "1-0"]
[WhiteElo "2465"]
[BlackElo "2173"]

1.e4 c5 2.Nc3 Nc6 3.Nf3 d6 4.d4 cxd4 5.Nxd4 Nf6 6.Bg5 e6 7.Qd2 Be7 8.O-O-O O-O
9.h4 Nxd4 10.Qxd4 Qa5 11.Kb1 a6 12.Qd2 Qc7 13.f3 b5 14.g4 b4 15.Ne2 Rd8 16.Be3 e5
17.g5 Nh5 18.Qxb4 Rb8 19.Qd2 d5 20.exd5 Be6 21.c4 Ba3 22.b3 Qxc4 23.Nd4 Qc7
24.dxe6 exd4 25.exf7+ Qxf7 26.Bxd4 Ng3 27.Rg1 Nf5 28.Rg4 Kh8 29.Bc4 Qg6 30.Bd3 Qe6
31.Bxf5 Qxf5+ 32.Qd3 Qe6 33.Qc3 Qg6+ 34.Qd3 Qe6 35.Re4 Qc6 36.Qc2 Qd7 37.Rde1 a5
38.Bb2 Bf8 39.Rd4 Qf7 40.Rxd8 Rxd8 41.Qe4 a4 42.Qxa4 Qxf3 43.Qc4 Qf5+ 44.Qe4 Qf7
45.Qe2 Qf5+ 46.Ka1 Qf4 47.Rf1 Qxh4 48.Qe5 Qb4 49.a3 Qe7 50.Qxe7 Bxe7 51.Rf7 Bf8
52.b4 Kg8 53.Rf3 Ra8 54.Kb1 h5 55.gxh6 gxh6 56.Kc2 Kh7 57.Kb3 Kg6 58.Rf1 h5
59.a4 h4 60.b5 Bc5 61.Bc3 Kg5 62.a5 h3 63.Kc4 Rc8 64.Kd3 h2 65.Bd4 Ba3 66.b6 Rd8
67.Kc4 Bd6 68.Bf6+  1-0

[Event "Jersey Open"]
[Site "St Helier JCI"]
[Date "2002.02.26"]
[Round "3"]
[White "Ledger,A"]
[Black "Corkett,A"]
[Result "0-1"]
[WhiteElo "2399"]
[BlackElo "2316"]

1.e4 c5 2.Nc3 Nc6 3.Bb5 Nd4 4.Bc4 e6 5.Nf3 a6 6.Nxd4 cxd4 7.Ne2 Nf6 8.d3 Bc5
9.O-O d5 10.exd5 Nxd5 11.Nf4 Nf6 12.Qf3 O-O 13.Bd2 Qc7 14.Rae1 Bd7 15.Nh5 Nxh5
16.Qxh5 Bd6 17.Re4 Qc5 18.Qh3 Bc6 19.Rg4 Qf5 20.Bh6 g6 21.Bxf8 Rxf8 22.Rxd4 Qxh3
23.gxh3 Be5 24.Rg4 Bxb2 25.Bb3 Rd8 26.Rb1 Bd4 27.Kf1 Kg7 28.Ke2 h5 29.Rgg1 Be5
30.Rgd1 Rd4 31.f3 Rh4 32.Rf1 Rxh3 33.Ke3 g5 34.d4 Bxh2 35.c4 Bf4+ 36.Ke2 Kf6
37.Bc2 Bg3 38.Be4 Rh2+ 39.Kd3 Ba4 40.Rxb7 Rxa2 41.Kc3 Bf4 42.c5 Bd2+ 43.Kc4 Ra3
44.d5 Bb5+ 45.Rxb5 axb5+ 46.Kxb5 exd5 47.Bxd5 Rc3 48.c6 Bf4 49.Kb4 Re3 50.Be4 Re2
51.Rc1 Rb2+ 52.Ka4 Ra2+ 53.Kb5 Ra7 54.Rc5 Re7 55.Rf5+ Ke6 56.Rd5 h4 57.Kc4 Be5
58.Kc5 h3 59.f4 gxf4 60.Bf3 f5 61.Rd2 Rg7 62.Rd7 Rxd7 63.cxd7 Kxd7 64.Kc4 Ke6
65.Kd3 Kf6 66.Ke2 Kg5 67.Bd5 Kg4 68.Kf2 Bd4+ 69.Kf1 Kg3 70.Bc6 f3  0-1

[Event "Anibal Open"]
[Site "Linares ESP"]
[Date "2002.03.01"]
[Round "1"]
[White "Sanchez Aller,F"]
[Black "Zhang Pengxiang"]
[Result "0-1"]
[WhiteElo "2216"]
[BlackElo "2522"]

1.e4 c5 2.Nf3 Nc6 3.Nc3 e5 4.Bc4 d6 5.d3 Be7 6.Nd2 Nf6 7.Nf1 Bg4 8.f3 Be6
9.Ne3 O-O 10.O-O a6 11.a4 Nb4 12.b3 Ne8 13.g3 Nc7 14.Bb2 Bg5 15.f4 exf4 16.gxf4 Bf6
17.Bxe6 fxe6 18.Kh1 Bd4 19.Ng2 d5 20.Rb1 b5 21.e5 Qd7 22.axb5 axb5 23.Ne2 Bxb2
24.Rxb2 d4 25.Ng3 Ncd5 26.Qg4 Nc3 27.Nh4 Nbd5 28.Ng2 Rf7 29.h4 Raf8 30.h5 b4
31.h6 Kh8 32.Ne4 gxh6 33.Nxc5 Qc6 34.Ne4 Ne3 35.Nxe3 dxe3 36.Rg1 Nxe4 37.dxe4 Qxe4+
38.Rg2 h5 39.Qxh5 Rg7  0-1

[Event "Jersey Open"]
[Site "St Helier JCI"]
[Date "2002.03.01"]
[Round "6"]
[White "Corkett,A"]
[Black "Fulton,AJ"]
[Result "1-0"]
[WhiteElo "2316"]
[BlackElo "2224"]

1.e4 c5 2.Nc3 Nc6 3.Bb5 e6 4.Bxc6 bxc6 5.d3 d5 6.f4 d4 7.Nce2 f6 8.Nf3 Qc7
9.O-O e5 10.Qe1 Bd6 11.Qg3 exf4 12.Bxf4 Bxf4 13.Nxf4 g5 14.Ne2 Qxg3 15.Nxg3 h5
16.e5 h4 17.Ne4 g4 18.Nfd2 fxe5 19.Nc4 Rh5 20.Nxc5 Ne7 21.Rae1 Nd5 22.Rxe5+ Rxe5
23.Nxe5 Ne3 24.Rf6 Rb8 25.b3 Ke7 26.Ne4 Bb7 27.Ng6+ Kd7 28.Nc5+ Kc7 29.Rf7+ Kc8
30.Rf8+ Kc7 31.Ne6+  1-0

[Event "ch-RUS Girls U20"]
[Site "Vladimir RUS"]
[Date "2002.03.01"]
[Round "1"]
[White "Kuzmina,O"]
[Black "Dordzhieva,N"]
[Result "1-0"]
[WhiteElo "2236"]
[BlackElo "2123"]

1.e4 c5 2.Nf3 Nc6 3.Nc3 d6 4.d4 cxd4 5.Nxd4 g6 6.Be2 Bg7 7.Nb3 Nf6 8.O-O O-O
9.Bg5 a6 10.a4 b6 11.f4 Bb7 12.Kh1 Rc8 13.Bf3 Nd7 14.Bg4 Rb8 15.e5 Nc5 16.Nxc5 dxc5
17.Nd5 f6 18.exf6 exf6 19.Bh4 Nd4 20.Ne3 Re8 21.Re1 Qc7 22.c3 f5 23.cxd4 fxg4
24.dxc5 Qxc5 25.Rc1 Qb4 26.Rc7 Qd4 27.Nxg4 Rxe1+ 28.Qxe1 Qxf4 29.Rxg7+ Kxg7
30.Qe7+  1-0